000 00513nam a2200181Ia 4500
005 20250508153708.0
008 008 250505s9999 xx 000 0 eng d
037 _aTextual
040 _aFEDL
_beng
_cFEDL
041 _aeng
_2eng
084 _a371.62, ENG
_qFEDL
100 _aEngelhardt N L
245 0 _aSchool planning and building hand book
260 _aNew York, USA
_bF. W. Dodge Corporation
_c1956
300 _axiii,626p.
942 _cTEXL
_h371.62, ENG
999 _c1344814
_d1344814